<?xml version="1.0" encoding="UTF-8"?>
<record
    xmlns:xsi="http://www.w3.org/2001/XMLSchema-instance"
    xsi:schemaLocation="http://www.loc.gov/MARC21/slim http://www.loc.gov/standards/marcxml/schema/MARC21slim.xsd"
    xmlns="http://www.loc.gov/MARC21/slim">

  <leader>00816cam a22002531  4500</leader>
  <controlfield tag="001">ne 68004767 </controlfield>
  <controlfield tag="003">DLC</controlfield>
  <controlfield tag="005">20260227111851.0</controlfield>
  <controlfield tag="008">860205s1967    ua            000 0 ara  </controlfield>
  <datafield tag="010" ind1=" " ind2=" ">
    <subfield code="a">ne 68004767 </subfield>
  </datafield>
  <datafield tag="020" ind1=" " ind2=" ">
    <subfield code="c">0.12</subfield>
  </datafield>
  <datafield tag="035" ind1=" " ind2=" ">
    <subfield code="a">(OCoLC)13108714</subfield>
  </datafield>
  <datafield tag="040" ind1=" " ind2=" ">
    <subfield code="a">DLC</subfield>
    <subfield code="c">TxU</subfield>
    <subfield code="d">TxU</subfield>
    <subfield code="d">DLC</subfield>
  </datafield>
  <datafield tag="042" ind1=" " ind2=" ">
    <subfield code="a">premarc</subfield>
  </datafield>
  <datafield tag="050" ind1="0" ind2="0">
    <subfield code="a">BP129.18</subfield>
    <subfield code="b">.A2 1967</subfield>
  </datafield>
  <datafield tag="130" ind1="0" ind2=" ">
    <subfield code="a">Qur&#x2BC;an.</subfield>
    <subfield code="p">Juz&#x2BC; qad sami&#x2BB;a.</subfield>
  </datafield>
  <datafield tag="245" ind1="1" ind2="0">
    <subfield code="a">Juz&#x2BC; qad sami&#x2BB;a,</subfield>
    <subfield code="c">wa-tafs&#x12B;ruh li-Ibr&#x101;him &#x2BB;Azz&#x16B;z [wa] Sa&#x2BB;d Shalab&#x12B; [wa] &#x2BB;Abd al-Fatt&#x101;&#x1E25; Ism&#x101;&#x2BB;&#x12B;l Shalab&#x12B;.</subfield>
  </datafield>
  <datafield tag="260" ind1=" " ind2=" ">
    <subfield code="a">[al-Q&#x101;hirah]</subfield>
    <subfield code="b">Maktabat Mi&#x1E63;r</subfield>
    <subfield code="c">[1967]</subfield>
  </datafield>
  <datafield tag="300" ind1=" " ind2=" ">
    <subfield code="a">84 p.</subfield>
    <subfield code="c">20 cm.</subfield>
  </datafield>
  <datafield tag="500" ind1=" " ind2=" ">
    <subfield code="a">At head of title: Min al-Qur&#x2BC;&#x101;n al-Kar&#x12B;m.</subfield>
  </datafield>
  <datafield tag="700" ind1="1" ind2=" ">
    <subfield code="a">&#x2BB;Azz&#x16B;z, Ibrahim.</subfield>
  </datafield>
  <datafield tag="700" ind1="1" ind2=" ">
    <subfield code="a">Shalab&#x12B;, Sa&#x2BB;d Ism&#x101;&#x2BB;&#x12B;l.</subfield>
  </datafield>
  <datafield tag="700" ind1="1" ind2=" ">
    <subfield code="a">Shalab&#x12B;, &#x2BB;Abd al-Fatt&#x101;&#x1E25; Ism&#x101;&#x2BB;&#x12B;l.</subfield>
  </datafield>
  <datafield tag="999" ind1=" " ind2=" ">
    <subfield code="c">51145</subfield>
    <subfield code="d">51145</subfield>
  </datafield>
</record>
